00583nam a2200145 a 450000100100000000500170001000800410002704000250006808200160009324501500010926000730025930000280033250400370036070000400039700001589920200929164208.0100222s2000 dr 001 0 spa d aDO-SdBNPbspacBNPHU axxxxbC735h00a¿Cómo se hace...? :bselección y compilación manual de expresión oral y escrita texto de consulta /cJuan Luciano Amandís Rodríguez. aBonao, República Dominicana :bHortensias,c2000.fServicios Marka a160 p. :bil. ;c22 cm. aIncluye bibliografía (p. 160 )1 aAmandís Rodríguez, Juan Luciano